Dublineses / (Registro nro. 6523)
[ vista simple ]
| 000 -LEADER | |
|---|---|
| fixed length control field | 01266cam a2200313 a 4500 |
| 003 - CONTROL NUMBER IDENTIFIER | |
| control field | OSt |
| 005 - DATE AND TIME OF LATEST TRANSACTION | |
| control field | 20200214102425.0 |
| 008 - FIXED-LENGTH DATA ELEMENTS--GENERAL INFORMATION | |
| fixed length control field | 140507t2002 ck jr 000 1 spa d |
| 020 ## - INTERNATIONAL STANDARD BOOK NUMBER | |
| International Standard Book Number | 9588089468 |
| 040 ## - CATALOGING SOURCE | |
| Original cataloging agency | CO-BoPUJ |
| Transcribing agency | CO-JMCR |
| 041 1# - LANGUAGE CODE | |
| Language code of text/sound track or separate title | spa |
| Language code of original | eng |
| 082 04 - DEWEY DECIMAL CLASSIFICATION NUMBER | |
| Classification number | C / |
| Item number | JOYd |
| 100 1# - MAIN ENTRY--PERSONAL NAME | |
| Personal name | Joyce, James, |
| Relator term | autor |
| 9 (RLIN) | 588 |
| 245 10 - TITLE STATEMENT | |
| Title | Dublineses / |
| Statement of responsibility, etc. | James Joyce ; traducción de Eduardo Chamorro |
| 260 ## - PUBLICATION, DISTRIBUTION, ETC. | |
| Place of publication, distribution, etc. | Bogotá : |
| Name of publisher, distributor, etc. | El Tiempo, |
| Date of publication, distribution, etc. | ©2002 |
| 300 ## - PHYSICAL DESCRIPTION | |
| Extent | 191 páginas ; |
| Dimensions | 21 cm. |
| 490 0# - SERIES STATEMENT | |
| Series statement | Biblioteca El Tiempo. Serie II Clásicos ; |
| Volume/sequential designation | 6 |
| 500 ## - GENERAL NOTE | |
| General note | Incluye datos biográficos del autor. |
| 500 ## - GENERAL NOTE | |
| General note | Título original:Dubliners |
| 505 0# - FORMATTED CONTENTS NOTE | |
| Formatted contents note | Las hermanas -- Un encuentro -- Araby -- Eveline -- Después de la carrera -- Dos galanes -- La casa de huéspedes -- Una pequeña nube -- Contrapartidas -- Arcilla -- Un caso doloroso -- Día de la patria en la oficina del partido -- Una madre -- La gracia -- Los muertos |
| 546 ## - LANGUAGE NOTE | |
| Language note | Traducido del inglés |
| 650 14 - SUBJECT ADDED ENTRY--TOPICAL TERM | |
| Topical term or geographic name entry element | Cuentos irlandeses |
| 9 (RLIN) | 589 |
| 650 24 - SUBJECT ADDED ENTRY--TOPICAL TERM | |
| Topical term or geographic name entry element | Literatura irlandesa |
| 9 (RLIN) | 590 |
| 650 24 - SUBJECT ADDED ENTRY--TOPICAL TERM | |
| Topical term or geographic name entry element | Familia en la literatura |
| 9 (RLIN) | 591 |
| 650 24 - SUBJECT ADDED ENTRY--TOPICAL TERM | |
| Topical term or geographic name entry element | Naturaleza en la literatura |
| 9 (RLIN) | 592 |
| 650 24 - SUBJECT ADDED ENTRY--TOPICAL TERM | |
| Topical term or geographic name entry element | Vida cotidiana en la literatura |
| 9 (RLIN) | 593 |
| 700 1# - ADDED ENTRY--PERSONAL NAME | |
| Personal name | Chamorro, Eduardo, |
| Relator term | traductor |
| 9 (RLIN) | 594 |
| 942 ## - ADDED ENTRY ELEMENTS (KOHA) | |
| Source of classification or shelving scheme | Dewey Decimal Classification |
| Koha item type | Books |
| Withdrawn status | Lost status | Source of classification or shelving scheme | Damaged status | Not for loan | Collection code | Home library | Current library | Shelving location | Date acquired | Source of acquisition | Cost, normal purchase price | Total Checkouts | Total Renewals | Full call number | Barcode | Date last seen | Date last checked out | Copy number | Price effective from | Koha item type |
|---|---|---|---|---|---|---|---|---|---|---|---|---|---|---|---|---|---|---|---|---|
| Dewey Decimal Classification | Fiction | Biblioteca Pública José María del Castillo y Rada | Biblioteca Pública José María del Castillo y Rada | Processing Center | 05/27/2019 | Donación | 0.00 | 2 | 1 | C / JOYd | 201809469 | 03/04/2025 | 02/19/2025 | Ej.1 | 02/14/2020 | Books |